| 000 | 02150cam a2200349 a 4500 | ||
|---|---|---|---|
| 001 | 16193759 | ||
| 005 | 20230322162059.0 | ||
| 008 | 100419s2010 vaua b 001 0 eng | ||
| 010 | _a 2010012948 | ||
| 020 | _a9781600867590 (AIAA) | ||
| 020 | _a1600867596 (AIAA) | ||
| 020 | _a9780470058190 (Wiley) | ||
| 020 | _a0470058196 (Wiley) | ||
| 035 | _a(OCoLC)ocn608490874 | ||
| 040 |
_aDLC _cDLC _dBWK _dC#P _dFER _dYDXCP _dCDX _dDEBBG _dDLC |
||
| 050 | 0 | 0 |
_aTL718 _b.A97 2010b |
| 082 | 0 | 0 |
_a623.746 _222 _bAUS |
| 100 | 1 |
_aAustin, Reg. _9111149 |
|
| 245 | 1 | 0 |
_aUnmanned aircraft systems : _bUAVs design, development and deployment / _cReg Austin. |
| 260 |
_aReston, Va. : _bAmerican Institute of Aeronautics and Astronautics ; _aChichester : _bWiley, _c2010. |
||
| 300 |
_axxix, 332 p. : _bill. ; _c26 cm. |
||
| 490 | 1 | _aAIAA education series | |
| 504 | _aIncludes bibliographical references and index. | ||
| 505 | 0 | _aIntroduction to unmanned aircraft systems (UAS) -- Introduction to design and selection of the system -- Aerodynamics and airframe configurations -- Characteristics of aircraft types -- Design standards and regulatory aspects -- Aspects of airframe design -- Design for stealth -- Payload types -- Communications -- Control and stability -- Navigation -- Launch and recovery -- Control stations -- Support equipment -- Transportation -- Design for reliability -- Design for manufacture and development -- Introduction to system development and certification -- System ground testing -- System in-flight testing -- Operational trials and full certification -- UAV system deployment -- Naval rôles -- Army rôles -- Air Force rôles -- Civilian, paramilitary and commercial rôles -- Future prospects and challenges -- UAV systems continuing evolution -- Appendix : UAS organisations. | |
| 650 | 0 |
_aDrone aircraft. _91419 |
|
| 650 | 0 |
_aAirplanes _xRadio control. _91420 |
|
| 650 | 0 |
_aNavigation (Aeronautics) _91421 |
|
| 830 | 0 |
_aAIAA education series. _91422 |
|
| 906 |
_a7 _bcbc _corignew _d1 _eecip _f20 _gy-gencatlg |
||
| 942 |
_2ddc _cBK |
||
| 999 |
_c594128 _d594128 |
||